000 00523nam a2200181 a 4500
001 000024064
005 20200930022704.0
008 110118s1969 mx r 000 | spa d
040 _aDO-SdBNP
_bspa
_cBNPHU
082 _axxx
_bR177a
100 1 _aRamírez Gómez, José Agustín
_949443
245 1 0 _aAbolición de la propiedad /
_cJosé Agustín Ramírez Gómez.
260 _aMéxico, D. F. :
_bJoaquín Mortiz,
_c1969.
300 _a111 p. ;
_c19 cm.
490 0 _avolador
830 0 _avolador
_912484
049 _aBNGR
999 _c23559
_d23559